| 000 | 00726nam a22001577a 4500 | ||
|---|---|---|---|
| 003 | OSt | ||
| 005 | 20151020155308.0 | ||
| 008 | 151020b xxu||||| |||| 00| 0 eng d | ||
| 040 | _cRUA | ||
| 082 | _aAVM SOU 2010 B093 Or.1 | ||
| 100 |
_92535 _aSOUN, VISAL. |
||
| 245 | _aThe study on buffalo raising of farmer at thmei commune cheathborei district kratie province, ការសិក្សាពីការចិញ្ចឹមក្របីជាលក្ខណៈគ្រួសាររបស់កសិករនៅក្នុងឃុំថ្មី ស្រុកចិត្របុរី ខេត្តក្រចេះ | ||
| 260 |
_aPhnom Penh _bRUA _c2010 |
||
| 300 |
_aix; 40p. _bill. _c29cm. |
||
| 942 |
_2ddc _cAVM |
||
| 999 |
_c2389 _d2389 |
||